000 00306nam a22001337a 4500
008 170926b xxu||||| |||| 00| 0 eng d
020 _a9780136178200
041 _aeng
080 _27TH
_a37
100 _a46
101 _aEDU
245 _aPHONICS FOR THE TEACHER OF READING
_cHULL,M.A
942 _2udc
_cBK
999 _c29888
_d29888